Star Wars Characters- TPM - Statistics

General Stats
  • This quiz has been taken 81 times
  • The average score is 20 of 28
Answer Stats
Hint Answer % Correct
The Chosen One Anakin Skywalker
99%
Apprentice of Above Obi-Wan Kenobi
97%
Jedi Grand Master Yoda
97%
Jedi w/ Purple Lightsaber Mace Windu
96%
Queen of Naboo Padme Amidala
96%
Found the Chosen One Qui-Gon Jinn
94%
Astromech Droid R2-D2
93%
Apprentice of Darth Sidious Darth Maul
91%
Clumsy Gungan Jar Jar Binks
91%
Protocol Droid being Built C-3PO
90%
Naboo Senator turned Chancellor Sheev Palpatine
90%
Mother of the Chosen One Shmi Skywalker
82%
Slave Owner on Tatooine Watto
78%
Jedi w/ Tall Head Ki-Adi Mundi
75%
Jedi w/ Mask Plo Koon
75%
Gungan Leader Boss Nass
71%
Evil Podracer Sebulba
71%
Jedi (Female Yoda) Yaddle
69%
Leader of the Trade Federation Nute Gunray
68%
Chancellor before the Emperor Finis Valorum
65%
Naboo Chief of Security Captain Panaka
63%
Jedi w/ Tall Neck Yarael Poof
47%
Gungan General General Tarpals
46%
Jedi w/ Long Ears Even Piell
41%
Jedi w/ Snake Tail Oppo Rancisis
37%
Chosen One's Rodian Friend Wald
32%
Chosen One's Human Friend Kitster
28%
Naboo Pilot Ric Olie
26%
No matching quizzes found
Score Distribution
Percent of People with Each Score
Percentile by Number Answered
Your Score History
You have not taken this quiz